[Event "Campos Migjorn op"]
[Site "Campos"]
[Date "2019.09.21"]
[Round "6"]
[White "Marin Badenas, Vicente"]
[Black "Pons Escanellas, Antonio M"]
[Result "1-0"]
[WhiteElo "1865"]
[BlackElo "1355"]
[PlyCount "61"]
[EventDate "2019.09.06"]
[EventType "swiss"]
[EventRounds "8"]
[EventCountry "ESP"]
[SourceTitle "EXT 2020"]
[Source "ChessBase"]
[SourceDate "2019.10.17"]
[SourceVersion "1"]
[SourceVersionDate "2019.10.17"]
[SourceQuality "1"]

1. c4 e5 2. d3 g6 3. g3 Bg7 4. Bg2 Nf6 5. Nc3 Nc6 6. e4 d6 7. Nge2 0-0 8. 0-0 Bd7 9. h3 Qc8 10. Kh2 a6 11. Be3 Nd4 12. f4 Nxe2 13. Qxe2 exf4 14. Bxf4 Be6 15. Bg5 Nd7 16. Nd5 Bxd5 17. cxd5 f6 18. Be3 Qe8 19. Rac1 Rc8 20. h4 c6 21. dxc6 bxc6 22. Bh3 Rc7 23. Bf4 Qe7 24. b4 f5 25. Rfe1 fxe4 26. dxe4 Ne5 27. Bxe5 Bxe5 28. Kg2 Kg7 29. Rc2 Qf6 30. Rec1 Qf3+ 31. Qxf3 1-0

[Event "Campos Migjorn op"]
[Site "Campos"]
[Date "2019.09.07"]
[Round "2"]
[White "Munar Mut, Antoni"]
[Black "Pons Escanellas, Antonio M"]
[Result "1-0"]
[WhiteElo "1819"]
[BlackElo "1355"]
[PlyCount "79"]
[EventDate "2019.09.06"]
[EventType "swiss"]
[EventRounds "8"]
[EventCountry "ESP"]
[SourceTitle "EXT 2020"]
[Source "ChessBase"]
[SourceDate "2019.10.17"]
[SourceVersion "1"]
[SourceVersionDate "2019.10.17"]
[SourceQuality "1"]

1. e4 e6 2. d4 d5 3. Nd2 c5 4. exd5 exd5 5. Bb5+ Bd7 6. Qe2+ Qe7 7. Bxd7+ Nxd7 8. dxc5 Qxe2+ 9. Nxe2 Bxc5 10. 0-0 Ngf6 11. Nc3 0-0 12. Nf3 h6 13. Bf4 Rfe8 14. Rad1 g5 15. Bc1 Nb6 16. a3 a5 17. Nb5 Rac8 18. c3 Na8 19. b4 axb4 20. cxb4 Bf8 21. Bb2 Nh7 22. Rxd5 Nc7 23. Nxc7 Rxc7 24. Rd2 Rec8 25. g3 Rc2 26. Rfd1 Rxd2 27. Rxd2 Bg7 28. Bxg7 Kxg7 29. Rd7 Kf6 30. Rxb7 Rc3 31. Rb6+ Kg7 32. Nd4 f6 33. a4 Nf8 34. Ne6+ Nxe6 35. Rxe6 h5 36. b5 h4 37. gxh4 gxh4 38. Re3 Rc4 39. a5 Rb4 40. b6 1-0

[Event "Port de Pollensa op"]
[Site "Port de Pollenca"]
[Date "2019.03.20"]
[Round "3"]
[White "Pons Escanellas, Antonio M"]
[Black "Abadia Pascual, Luis"]
[Result "1-0"]
[WhiteElo "1331"]
[BlackElo "1905"]
[PlyCount "177"]
[EventDate "2019.03.18"]
[EventType "swiss"]
[EventRounds "7"]
[EventCountry "ESP"]
[SourceTitle "CBM 189 Extra"]
[Source "ChessBase"]
[SourceDate "2019.06.03"]
[SourceVersion "1"]
[SourceVersionDate "2019.06.03"]
[SourceQuality "1"]

1. d4 f5 2. c4 Nf6 3. Nc3 g6 4. Nf3 Bg7 5. g3 d6 6. Bg2 0-0 7. 0-0 c6 8. Bg5 Nbd7 9. Re1 e5 10. dxe5 Nxe5 11. Nxe5 dxe5 12. e4 Qe7 13. exf5 Bxf5 14. Be4 Rad8 15. Qc2 Qe6 16. b3 Rd4 17. Bxf5 gxf5 18. Be3 Rd7 19. Rad1 b6 20. Rxd7 Nxd7 21. Rd1 e4 22. Ne2 Ne5 23. Kg2 Ng4 24. Bf4 c5 25. Qd2 Re8 26. Qd5 Kf7 27. Qd7+ Re7 28. Qxe6+ Rxe6 29. Rd7+ Re7 30. Rxe7+ Kxe7 31. Bb8 Kd7 32. h3 Ne5 33. Bxe5 Bxe5 34. f3 e3 35. f4 Bd4 36. g4 fxg4 37. hxg4 Ke6 38. Kf3 Kf6 39. Ke4 Ke6 40. g5 a6 41. b4 a5 42. b5 a4 43. f5+ Ke7 44. Kd5 Kd7 45. f6 Ba1 46. Ke4 Bd4 47. Kf5 Ba1 48. g6 hxg6+ 49. Kxg6 Ke8 50. Kg7 Be5 51. Kg6 Kf8 52. Kf5 Bc7 53. Ke4 Kf7 54. Kxe3 Kxf6 55. Ke4 Ke6 56. Nc3 a3 57. Nb1 Be5 58. Nxa3 Bc3 59. Nc2 Bd2 60. a4 Kd6 61. Kf5 Bc3 62. Ne3 Be1 63. Nd5 Ba5 64. Kf6 Kd7 65. Kf7 Kd8 66. Ke6 Kc8 67. Kd6 Kb7 68. Ne7 Be1 69. Kd7 Bd2 70. Nc6 Be1 71. Nd8+ Kb8 72. Kc6 Ba5 73. Ne6 Kc8 74. Nxc5 bxc5 75. Kxc5 Kc7 76. Kd5 Bd2 77. c5 Bb4 78. c6 Ba5 79. Kd4 Bb6+ 80. Kc4 Ba5 81. Kc5 Bb6+ 82. Kb4 Bf2 83. a5 Ba7 84. Kc4 Bf2 85. Kd5 Be1 86. b6+ Kb8 87. a6 Ba5 88. c7+ Kc8 89. Kc6 1-0

[Event "Mallorca-ch Tercera"]
[Site "Palma"]
[Date "2017.12.08"]
[Round "4.9"]
[White "Pons Escanellas, Antonio M"]
[Black "Garcia Feore, Daniel James"]
[Result "0-1"]
[WhiteElo "1361"]
[BlackElo "1317"]
[PlyCount "55"]
[EventDate "2017.12.02"]
[EventType "swiss"]
[EventRounds "8"]
[EventCountry "ESP"]
[SourceTitle "EXT 2024"]
[Source "ChessBase"]
[SourceDate "2023.10.10"]
[SourceVersion "1"]
[SourceVersionDate "2023.10.10"]
[SourceQuality "1"]

1. d4 Nf6 2. c4 e6 3. Nf3 d5 4. Bf4 a6 5. a3 c5 6. e3 Nc6 7. Nc3 Be7 8. Bd3 0-0 9. 0-0 b6 10. dxc5 bxc5 11. Ne5 Bb7 12. Nxc6 Bxc6 13. Qf3 Qd7 14. Qg3 Nh5 15. Qh3 Nf6 16. Be5 h6 17. Qg3 Nh5 18. Qg4 Bf6 19. f4 Bxe5 20. fxe5 g6 21. Bxg6 fxg6 22. Qxg6+ Ng7 23. Rf6 d4 24. exd4 Qxd4+ 25. Kh1 Qxe5 26. Rxe6 Qxe6 27. Qxe6+ Nxe6 28. Rd1 0-1

[Event "Santa Margalida Mallorca-ch"]
[Site "Santa Margalida"]
[Date "2016.11.11"]
[Round "1"]
[White "Aguilo Pons, Francesc"]
[Black "Pons Escanellas, Antonio M"]
[Result "1-0"]
[WhiteElo "1899"]
[BlackElo "1371"]
[PlyCount "95"]
[EventDate "2016.11.11"]
[EventType "swiss"]
[EventRounds "8"]
[EventCountry "ESP"]
[SourceTitle "EXT 2018"]
[Source "ChessBase"]
[SourceDate "2017.10.13"]
[SourceVersion "1"]
[SourceVersionDate "2017.10.13"]
[SourceQuality "1"]

1. e4 e5 2. Nf3 Nc6 3. Bb5 d6 4. c3 Bd7 5. d4 a6 6. Ba4 Nf6 7. Nbd2 exd4 8. cxd4 Be7 9. h3 0-0 10. 0-0 d5 11. e5 Ne4 12. Re1 Bb4 13. a3 Bxd2 14. Nxd2 f5 15. Nf1 Qh4 16. f3 Ng3 17. Nxg3 Qxg3 18. Be3 f4 19. Bf2 Qg6 20. Kh2 Qe6 21. Qd3 Rf5 22. Bc2 Rh5 23. Rac1 Rf8 24. Qe2 Ne7 25. Rh1 Nf5 26. Bd3 c6 27. a4 Rg5 28. Rhf1 Rh5 29. b4 Ng3 30. Bxg3 fxg3+ 31. Kxg3 Rg5+ 32. Kh2 Qh6 33. f4 Rh5 34. f5 Bxf5 35. Qf3 g6 36. g4 Bxd3 37. Qxf8+ Qxf8 38. Rxf8+ Kxf8 39. gxh5 gxh5 40. Kg3 Ke7 41. Kf4 Ke6 42. Kg5 Be2 43. a5 Bd3 44. Rd1 Be2 45. Rd2 Bf1 46. h4 Bh3 47. Rf2 Ke7 48. Kh6 1-0

[Event "Balears-ch Amateurs"]
[Site "Palma de Mallorca"]
[Date "2016.03.26"]
[Round "3"]
[White "Pons Escanellas, Antonio M"]
[Black "Navarro Gil, Ricardo"]
[Result "0-1"]
[WhiteElo "1385"]
[BlackElo "1730"]
[PlyCount "76"]
[EventDate "2016.03.24"]
[EventType "swiss"]
[EventRounds "6"]
[EventCountry "ESP"]
[SourceTitle "CBM 171 Extra"]
[Source "ChessBase"]
[SourceDate "2016.04.26"]
[SourceVersion "1"]
[SourceVersionDate "2016.04.26"]
[SourceQuality "1"]

1. d4 d5 2. c4 c6 3. Nc3 Nf6 4. e3 e6 5. Nf3 Nbd7 6. Bd3 dxc4 7. Bxc4 b5 8. Bd3 Bb7 9. e4 h6 10. e5 Nh7 11. Bxh7 Rxh7 12. Ne4 Qc7 13. 0-0 0-0-0 14. Qc2 Rh8 15. a4 a6 16. axb5 cxb5 17. Qd3 Kb8 18. Bd2 Nxe5 19. Nxe5 Qxe5 20. Qg3 Qxg3 21. Nxg3 Rxd4 22. Be3 Rb4 23. Rab1 Be7 24. b3 Bd5 25. Rfd1 Rxb3 26. Rxb3 Bxb3 27. Bf4+ Kc8 28. Rc1+ Bc4 29. Ne4 Kb7 30. Nd2 Rc8 31. Ne4 Bd5 32. Rxc8 Kxc8 33. Nc3 Bc4 34. f3 b4 35. Nb1 b3 36. Nd2 Bd5 37. Kf2 Bf6 38. Bd6 b2 0-1